LEADER 00474nab a2200133 i 4500 001 000000329246 003 CaOOAMICUS 005 20180831173616.0 008 180831n it uu u0 0ita r 013 $a40897 040 $aSeMil$bita 245 13$aIl venerabile monsignor Luigi Talamoni. - In [rubrica] :$bAppunti. 773 0 $t[NOVEMBRE 1993]. - 29 p.$gp.14 e-19,20$w()291487 996 $6245$aIl venerabile monsignor Luigi Talamoni. - In [rubrica] :$bAppunti.$9(OLS)http://semarc/title/417755 LEADER 00876naa a2200145 i 4500 001 000000300637 003 CaOOAMICUS 005 20180831172706.0 008 180831n xx u000 u und u 013 $a8333 040 $aSeMil$bita 100 1 $aKovalenko, Nicandre.$0(OLS)http://semarc/name/86327 245 13$aLa prise d'habit monastique et son lien avec la liturgie conçue c 28 juin 1. juillet 1988. Roma :$bCLV, Edizioni Liturgiche, 1989. 773 0 $tLiturgie, conversion et vie monastique.$dRoma : CLV Edizioni Liturgiche, 1989.$kBibliotheca Ephemerides Liturgicae. Subsidia$kBibliotheca Ephemerides Liturgicae. Subsidia. Sezione Liturgia ed ecumenismo : Conférences Saint-Serge$z88-85918-42-5$w()34769 996 $6245$aLa prise d'habit monastique et son lien avec la liturgie conçue c 28 juin 1. juillet 1988. Roma :$bCLV, Edizioni Liturgiche, 1989.$9(OLS)http://semarc/title/376639